| 000 | 01115nam a22002657a 4500 | ||
|---|---|---|---|
| 005 | 20220304110525.0 | ||
| 008 | 220304b ||||| |||| 00| 0 eng d | ||
| 020 | _a9789353592202 | ||
| 040 | _cAloy | ||
| 041 | _aeng | ||
| 082 |
_223 _a150 _bJAII |
||
| 100 |
_aShashi Jain _922686 |
||
| 245 | _aIntroduction to Psychology | ||
| 260 |
_aLudhiana _bKalyani Publishers _c2021 |
||
| 300 |
_axii,437 p. _bPB _c24x18 cm. |
||
| 365 |
_2Psychology _a6190 _b300.00 _c₹ _d375.00 _e20% _f01-03-2022 |
||
| 520 | _aFor undergraduate students of Indian Universities. The book covers the syllabii but more than that it covers the fundamental aspects like methods of Psychology, Variables Biological foundations of Psychology, Sensory & Perceptual Processes, Laearning & Memory, Motivation & emotion, intelligence, Personality, thinking and Stress & its management | ||
| 650 |
_aMethods of Psychology _922676 |
||
| 650 |
_aHeredity and Environment _922677 |
||
| 650 |
_aAttention _922678 |
||
| 650 |
_aPerception _922679 |
||
| 650 |
_aStress and its Management _922680 |
||
| 700 |
_aJAIN (Shashi) _922681 |
||
| 942 |
_2ddc _cBK |
||
| 999 |
_c221701 _d221701 |
||